ALLIED RHYMES - II (Record no. 7564)
[ view plain ]
| 000 -LEADER | |
|---|---|
| fixed length control field | 00260nam a22001217a 4500 |
| 082 ## - DEWEY DECIMAL CLASSIFICATION NUMBER | |
| Classification number | 823 |
| Item number | UNK/A |
| 100 ## - MAIN ENTRY--AUTHOR NAME | |
| Personal name | UNKNOWN |
| 245 ## - TITLE STATEMENT | |
| Title | ALLIED RHYMES - II |
| 260 ## - PUBLICATION, DISTRIBUTION, ETC. (IMPRINT) | |
| Place of publication | MUMBAI |
| Name of publisher | ALLIED PUBLISHERS LTD |
| 300 ## - PHYSICAL DESCRIPTION | |
| Number of Pages | 48 |
| 650 ## - SUBJECT ADDED ENTRY--TOPICAL TERM | |
| Topical Term | ENGLISH STORY |
| Geographic subdivision | INDIA |
| 942 ## - ADDED ENTRY ELEMENTS (KOHA) | |
| Koha item type | Books |
| Withdrawn status | Lost status | Collection code | Home library | Current library | Date acquired | Source of acquisition | Full call number | Accession Number | Koha item type |
|---|---|---|---|---|---|---|---|---|---|
| Withdrawn | Damaged Item | Fiction | Main Library | Main Library | 21/05/2004 | purchase | 823 UNK/A | 0722 | Books |